00502nam a22001697a 450000500170000000800410001702000180005804000210007604100080009708200150010510000280012024500650014826000420021330000120025565000410026770000240030820250326052619.0220926b ||||| |||| 00| 0 eng d a9789353593780 aIN-DiNCcIN-DiNC deng a658.3bGUP aGupta, Shashi Keauthor aHuman resource management/cby Shashi K Gupta and Rosy Joshi aLudhiana:bKalyani publishers,c2022. a25.11p. aConcept of human resource management aJoshi, Rosyeauthor